000 00688nam a2200265Ia 4500
003 OSt
005 20221007074835.0
006 a|||||r|||| 00| 0
007 ta
008 221006b |||||||| |||| 00| 0 eng d
020 _a8185353344
024 _a5,595
037 _cTextual
040 _aFLL
_cFLL
_beng
041 _2eng
_aeng
082 _aZ1, M9
100 _aStarke J.G. Au.
_9481576
245 0 _aIntroduction to international law
250 _a10th
260 _aNew Delhi
_bAditya books pvt. ltd. India
_c1989
300 _axxvii,694p
_ccm.
650 _aInternational law
942 _hZ1, M9
_cTEXL
_2CC
999 _c1153871
_d1153871